All change for pre-pack sales? (Record no. 84789)

MARC details
000 -LEADER
fixed length control field 00860cab a22001935a 4500
001 - CONTROL NUMBER
control field L159068
008 - FIXED-LENGTH DATA ELEMENTS--GENERAL INFORMATION
fixed length control field 160106e20151128xxk 000 0 eng d
035 ## - SYSTEM CONTROL NUMBER
System control number (Sirsi) u159068
041 0# - LANGUAGE CODE
Language code of text/sound track or separate title eng
245 00 - TITLE STATEMENT
Title All change for pre-pack sales?
260 ## - PUBLICATION, DISTRIBUTION, ETC.
Date of publication, distribution, etc. 2015
490 ## - SERIES STATEMENT
Series statement Estates Gazette
Volume/sequential designation (1547) 28 November 2015, 105(1)
520 ## - SUMMARY, ETC.
Summary, etc. Information about changes to pre-pack sales which should improve transparency. From 1st November 2015 insolvency practitioners were required to adhere to new best practice guidance when dealing with the sales in the form of the revised statement of Insolvency Practice 16 (SIP16). Warns that this may limit the effectiveness of the pre-pack sale as a rescue tool for business.
590 ## - LOCAL NOTE (RLIN)
Local note KA
651 #4 - SUBJECT ADDED ENTRY--GEOGRAPHIC NAME
Geographic name England and Wales
Chronological subdivision 1543-
690 ## - LOCAL SUBJECT ADDED ENTRY--TOPICAL TERM (OCLC, RLIN)
Topical term or geographic name as entry element Property management
9 (RLIN) 6262
690 ## - LOCAL SUBJECT ADDED ENTRY--TOPICAL TERM (OCLC, RLIN)
Topical term or geographic name as entry element Procurement
9 (RLIN) 6260
942 ## - ADDED ENTRY ELEMENTS (KOHA)
Suppress in OPAC 0
Holdings
Withdrawn status Lost status Source of classification or shelving scheme Damaged status Not for loan Home library Current library Shelving location Date acquired Total Checkouts Full call number Barcode Date last seen Copy number Price effective from Koha item type
    Dewey Decimal Classification     London London Journal article 06/01/2016   L159068 159068-1001 06/08/2019 1 06/08/2019 Journal article